000 00736nam a2200289Ia 4500
005 20260324125719.0
008 008 260324s9999 xx 000 0 eng d
020 _a9780203932551
037 _aEBOOK
040 _aCRL
040 _beng
040 _cCRL
041 _2eng
041 _aeng
084 _qCRL
100 _aDavid Tuckett
_91179033
245 0 _aPsychoanalysis Comparable and Incomparable
245 4 _bThe Evolution of a Method to Describe and Compare Psychoanalytic Approaches
260 _bTaylor and Francis
260 _c2008
365 _a
365 _b185
856 _uhttp://www.taylorfrancis.com/books/9780203932551
942 _cEBOOK
999 _c1774548
_d1774548